| 000 | 00540nam a22001817a 4500 | ||
|---|---|---|---|
| 003 | 0 | ||
| 005 | 20230904084050.0 | ||
| 008 | 230904b xxu||||| |||| 00| 0 eng d | ||
| 020 | _a9789715068901 | ||
| 050 |
_aPL 6063 _b.L44 2022 |
||
| 100 | _aLee, Ricky | ||
| 245 |
_aMga screenplay ni Ricky Lee, volume 1 _cRicky Lee |
||
| 260 |
_aManila _bUniversity of Santo Tomas Publishing House _cc2022 |
||
| 300 |
_avi, 354 pages ; _c23 cm. |
||
| 500 | _aPhilippine drama (Filipino) | ||
| 654 | _aPhilippine drama (Filipino) | ||
| 942 |
_2lcc _cBK |
||
| 999 |
_c365244 _d365244 |
||